00999 2200337 4500001002100000005001500021035002000036007000300056008004100059020002300100040002200123082001700145084001900162090002300181090002200204100002600226245009200252250003600344300002800380650002000408700002600428850001200454041000800466710003200474264003700506336002100543337003000564338002300594999002200617990002200639INLIS00000000085016320190801022839 a0010-0819000065ta190801s2008 yoi g | f ind d a978-979-15836-10-2 aYOPDYOGbinderda04223a899.2213 a899.2213 LAM o aDEP 899.2213 LAM o aCB-D.11 2008-22841 aLamb, Haroldepenulis10aOmar Khayyam /cpenulis, Harorld Lamb; penerjemah Tim e-Nusantara; penyunting, J.Hamzah aCetakan pertama, September 2008 aviii,248 halamane24 cm 4aFiksi Indonesia aHamzah,J.epenyunting aYOPDYOG1 aind2 aTim e-Nusantaraepenerjemah34aYogyakarta :be-Nusantara,c2008 2rdacontentateks 2rdamediaatanpa perantara 2rdacarrieravolume aCB-D.11/2008-2284 aCB-D.11/2008-2284